| 000 | 00814nam a2200277Ia 4500 | ||
|---|---|---|---|
| 005 | 20251020182456.0 | ||
| 008 | 200515s9999 xx 000 0 und d | ||
| 020 | _a978-84-9728-316-8 | ||
| 082 | _a624.05/H97/2009/2 | ||
| 100 | _aHuerta, Santiago | ||
| 100 | _aMarín, Rafael | ||
| 100 | _aSoler, Rafael | ||
| 100 | _aZaragozá, Arturo | ||
| 245 | 0 | _aActas del Séptimo Congreso Nacional de Historia de la Construcción. Valencia, 21 - 24 de octubre de 2009. Volumen II | |
| 260 | _aMadrid | ||
| 260 | _bInstituto Juan de Herrera | ||
| 260 | _c2009 | ||
| 300 | _a1465 p. | ||
| 300 | _bil., tbl., graf. | ||
| 490 | _aTEXTOS SOBRE TEORÍA E HISTORIA DE LAS CONSTRUCCIONES | ||
| 500 | _a1 ejemplar. Volumen II | ||
| 650 | _aCONSTRUCCION | ||
| 650 | _aHISTORIA | ||
| 942 | _cLIB | ||
| 999 |
_c1025 _d1025 |
||